| 000 | 01178nkm a2200217 i 4500 | ||
|---|---|---|---|
| 001 | 73892 | ||
| 003 | ES-MaACL | ||
| 005 | 20241114110928.0 | ||
| 007 | kd cb | ||
| 008 | 040913q1917 sp --- |00 ||spa d | ||
| 100 | 1 |
_aGonzález. _958268 |
|
| 245 | 1 | 1 |
_a[Álbum de 10 caricaturas de personalidades célebres mexicanas contemporáneas] [ _hMaterial gráfico] / _cGonzález. |
| 260 |
_a[S.l. : _bs.n., _c1917?] |
||
| 300 |
_a1 álbum (10 dibujos sobre cartulina) : _bpluma y tintas colores ; _cimagen 10 x 19 cm. |
||
| 500 | _aCaricaturas firmadas por "González 1917", pegadas en cartulina marrón doblada en forma de fuelle (29 x 1,95 cm). Nombres de retratados, a plumilla, bajo la imagen y subrayados en blanco. | ||
| 505 | 8 | _aContiene: 1. Porfirio Díaz - 2. Francisco León de la Barra - 3. Francisco I. Madero - 4. Pedro Lascuráin Paredes - 5. Victoriano Huerta - 6. Francisco Carvajal - 7. Venustiano Carranza - 8. Eulalio Gutiérrez Ortiz - 9. Roque González Garza - 10. Francisco Lagos Cházaro | |
| 650 | 4 |
_aMexicanos- _yS.XX- _vCaricaturas y dibujos humorísticos. _9163867 |
|
| 852 | 4 |
_aES-MaACL _j1570-F-12 |
|
| 942 |
_2udc _cDIBGRB |
||
| 999 |
_c73892 _d73892 |
||